000 00371nam a22001577a 4500
003 SGT
020 _a978-81-239-1919-5
082 _a615.19
_bQAD
100 _aQADRY, J.S.
245 _aTEXTBOOK OF INORGANIC PHARMACEUTICAL MEDICINAL CHEMISTRY
250 _a7TH
260 _aINDIA
_bCBS PUB.
_c2024
300 _a281
650 _aPHARMACEUTICAL
942 _2ddc
_cBK
999 _c32912
_d32912